| 000 | 00366nam a2200133Ia 4500 | ||
|---|---|---|---|
| 008 | 220204s9999 xx 000 0 und d | ||
| 082 |
_a576 _bHOR.11 |
||
| 100 | _aHORECKER, Bernard L | ||
| 245 | 0 | _aCurrent topics in cellular regulation. V 11. | |
| 260 |
_aNew York _bAcademic _c1976 |
||
| 650 | _aGlucokinase regulation | ||
| 700 | _aSTADTMAN, Earl R | ||
| 942 | _cBK | ||
| 999 |
_c25995 _d25995 |
||